|
|
|
|
| LEADER |
01506nam a2200409Ia 4500 |
| 001 |
EBC698144 |
| 003 |
MiAaPQ |
| 005 |
20200520144314.0 |
| 006 |
m o d | |
| 007 |
cr cn||||||||| |
| 008 |
110330s2011 enka sb 001 0 eng d |
| 010 |
|
|
|z 2011013987
|
| 020 |
|
|
|z 9781444346695
|
| 020 |
|
|
|z 9781444337808
|
| 035 |
|
|
|a (MiAaPQ)EBC698144
|
| 035 |
|
|
|a (Au-PeEL)EBL698144
|
| 035 |
|
|
|a (CaPaEBR)ebr10501302
|
| 035 |
|
|
|a (CaONFJC)MIL327422
|
| 035 |
|
|
|a (OCoLC)757395500
|
| 040 |
|
|
|a MiAaPQ
|c MiAaPQ
|d MiAaPQ
|
| 050 |
|
4 |
|a HC26
|b .E266 2011
|
| 082 |
0 |
4 |
|a 330.01/5195
|2 22
|
| 245 |
0 |
0 |
|a Economics and history
|h [electronic resource] :
|b surveys in cliometrics /
|c edited by David Greasley and Les Oxley.
|
| 260 |
|
|
|a Chichester, West Sussex, UK ;
|a Malden, MA :
|b Wiley-Blackwell,
|c 2011.
|
| 300 |
|
|
|a [vi], 298 p. :
|b ill.
|
| 490 |
1 |
|
|a Surveys of recent research in economics ;
|v 2
|
| 504 |
|
|
|a Includes bibliographical references and index.
|
| 533 |
|
|
|a Electronic reproduction. Ann Arbor, MI : ProQuest, 2015. Available via World Wide Web. Access may be limited to ProQuest affiliated libraries.
|
| 650 |
|
0 |
|a Economic history.
|
| 650 |
|
0 |
|a Econometrics.
|
| 650 |
|
0 |
|a History
|x Methodology.
|
| 655 |
|
4 |
|a Electronic books.
|
| 700 |
1 |
|
|a Greasley, David.
|
| 700 |
1 |
|
|a Oxley, Les.
|
| 710 |
2 |
|
|a ProQuest (Firm)
|
| 830 |
|
0 |
|a Surveys of recent research in economics ;
|v 2.
|
| 856 |
4 |
0 |
|u https://ebookcentral.proquest.com/lib/matrademy/detail.action?docID=698144
|z Click to View
|